00479nam a2200145Ia 4500008004100000020002200041082001900063100001700082245006600099260003200165300000800197650001500205999001700220952009600237231019s9999 xx 000 0 und d a978-1-84390-987-3 a657.076bLYN-M aFoulks Lynch 0aCAT Paper 3 INT. Maintaining Financial Records. Exam Kit 2010 aUKbKaplan Publishingc2010 a326 aAccounting c34554d34554 00104070aSIRC-CbSIRC-Cd2023-10-19l0o657.076 LYN-Mp28103r2023-10-19w2023-10-19yBK